Statistics for Champions of Europe (UEFA) (Soccer/Football) UPDATE 2019

Click here to take the quiz!

General Stats

  • This quiz has been taken 183 times
    (59 since last reset)
  • The average score is 112 of 255

Answer Stats

LeagueSeasonChampion% Correct
Spain2016/17 | 2019/20Real Madrid
91%
England2017/18 | 2018/19Manchester City
89%
France2014/15Paris Saint-Germain
89%
Spain2015/16 | 2017/18 | 2018/19Barcelona
87%
England2014/15 | 2016/17Chelsea
87%
Italy2014/15 | 2015/16 | 2016/17 | +2 othersJuventus
87%
France2015/16 | 2017/18 | 2018/19Paris Saint-Germain
87%
Netherlands2018/19Ajax
85%
Germany2014/15 | 2015/16 | 2016/17 | +2 othersBayern München
85%
England2015/16Leicester City
85%
Ukraine2015/16Dynamo Kyiv
81%
France2016/17Monaco
81%
Netherlands2014/15 | 2015/16 | 2017/18PSV
81%
Scotland2014/15 | 2015/16 | 2016/17 | +2 othersCeltic
80%
Croatia2014/15 | 2015/16 | 2017/18 | 2018/19Dinamo Zagreb
80%
Portugal2017/18Porto
80%
Portugal2014/15 | 2015/16 | 2016/17 | 2018/19Benfica
78%
Denmark2015/16 | 2016/17 | 2018/19København
78%
Belgium2016/17Anderlecht
76%
Netherlands2016/17Feyenoord
76%
Serbia2015/16 | 2017/18 | 2018/19Crvena Zvezda
74%
Greece2014/15 | 2015/16 | 2016/17Olympiakos
74%
Russia2014/15 | 2018/19Zenit Sankt Petersburg
72%
Turkey2014/15 | 2017/18 | 2018/19Galatasaray
70%
Romania2014/15FCSB
69%
Austria2015/16 | 2016/17 | 2017/18 | +2 othersSalzburg
69%
Russia2016/17Spartak Moskva
69%
Switzerland2014/15 | 2015/16 | 2016/17Basel
67%
Switzerland2017/18 | 2018/19Young Boys
67%
Cyprus2014/15 | 2015/16 | 2016/17 | +2 othersAPOEL
65%
Belgium2015/16 | 2017/18Club Brugge
65%
Greece2017/18AEK Athens
63%
Turkey2015/16 | 2016/17Beşiktaş
63%
Belgium2018/19Genk
63%
Belgium2014/15Gent
63%
Finland2014 | 2017 | 2018HJK
61%
Poland2015/16 | 2016/17 | 2017/18Legia Warszawa
61%
Czech Republic2016/17 | 2018/19Slavia Praha
61%
Belarus2015 | 2016 | 2017 | 2018BATE Borisov
59%
Sweden2014 | 2016 | 2017Malmö
59%
Kazakhstan2014 | 2015 | 2016 | +2 othersAstana
57%
Russia2017/18Lokomotiv Moskva
57%
Ukraine2016/17 | 2017/18 | 2018/19 | 2019/20Shakhtar Donetsk
57%
Russia2015/16CSKA Moskva
56%
Azerbaijan2015/16 | 2016/17 | 2017/18 | +2 othersQarabag
56%
Israel2014/15 | 2018/19Maccabi Tel Aviv
54%
Serbia2014/15 | 2016/17Partizan
52%
Czech Republic2014/15 | 2015/16 | 2017/18Viktoria Plzen
52%
Greece2018/19PAOK
50%
Norway2015 | 2016 | 2017 | 2018Rosenborg
50%
Bulgaria2014/15 | 2015/16 | 2016/17 | +2 othersLudogorets Razgrad
48%
Slovenia2016/17 | 2018/19Maribor
48%
Slovakia2018/19Slovan Bratislava
48%
Hungary2015/16 | 2018/19Ferencváros
46%
Norway2014Molde
46%
Albania2019/20Tirana
44%
Poland2014/15Lech Poznań
43%
Latvia2018Riga FC
43%
Sweden2018AIK
41%
BiH2014/15 | 2018/19FK Sarajevo
41%
Croatia2016/17Rijeka
39%
Moldova2015/16 | 2016/17 | 2017 | 2018Sheriff Tiraspol
39%
Republic of Ireland2014 | 2015 | 2016 | 2018Dundalk
33%
Republic of Ireland2017Cork City
30%
Denmark2014/15 | 2017/18Midtjylland
30%
Wales2014/15The New Saints
30%
Wales2015/16 | 2016/17 | 2017/18 | 2018/19The New Saints
28%
North Macedonia2014/15 | 2015/16 | 2016/17Vardar Skopje
24%
Armenia2018/19 | 2019/20Ararat-Armenia
22%
Estonia2015 | 2017Flora Tallinn
22%
Gibraltar2014/15 | 2015/16 | 2017/18 | 2018/19Lincoln Red Imps
22%
Malta2015/16 | 2017/18 | 2018/19Valletta
22%
Northern Ireland2016/17 | 2018/19Linfield
20%
Lithuania2014 | 2015 | 2016Žalgiris Vilnius
20%
Georgia2015/16Dinamo Tbilisi
19%
Israel2015/16 | 2016/17 | 2017/18Hapoel Be'er Sheva
19%
Hungary2016/17Honvéd
19%
Slovenia2015/16 | 2017/18Olimpija Ljubljana
19%
Romania2017/18 | 2018/19CFR Cluj
17%
Belarus2019Dinamo Brest
17%
Slovakia2016/17Žilina
17%
Montenegro2016/17Budućnost Podgorica
15%
Estonia2014Levadia Tallinn
15%
Albania2015/16Skënderbeu Korçë
15%
Romania2015/16Astra
11%
Hungary2014/15 | 2017/18Fehérvár
11%
Northern Ireland2014/15 | 2015/16 | 2017/18Crusaders
9%
Gibraltar2016/17Europa
9%
Faroe Islands2018HB
9%
Estonia2018Nõmme Kalju
9%
North Macedonia2017/18 | 2018/19Shkendija
9%
Latvia2016 | 2017Spartaks Jūrmala
9%
Slovakia2017/18Spartak Trnava
9%
Slovakia2014/15 | 2015/16Trenčín
9%
Faroe Islands2014 | 2015B36
7%
Finland2016IFK Mariehamn
7%
Latvia2015Liepāja
7%
Poland2018/19Piast Gliwice
7%
Iceland2014Stjarnan
7%
Iceland2017 | 2018Valur Reykjavík
7%
Latvia2014Ventspils
7%
BiH2015/16 | 2016/17 | 2017/18Zrinjski Mostar
7%
Kosovo2017/18Drita
6%
Iceland2015 | 2016FH Hafnarfjörður
6%
Albania2016/17Kukësi
6%
Sweden2015Norrköping
6%
Montenegro2015/16OFK Titograd
6%
Finland2015SJK
6%
Lithuania2017 | 2018Sūduva
6%
Montenegro2017/18 | 2018/19Sutjeska Nikšić
6%
Romania2016/17Viitorul
6%
Faroe Islands2016 | 2017Vikingur
6%
Slovenia2019/20Celje
4%
Kosovo2014/15 | 2015/16 | 2018/19Feronikeli
4%
Albania2018/19Partizani Tirana
4%
Montenegro2014/15Rudar Pljevlja
4%
Georgia2017Torpedo Kutaisi
4%
Armenia2015/14 | 2016/17 | 2017/18Alashkert
2%
Georgia2014/15Dila Gori
2%
Estonia2016FCI Tallinn
2%
Malta2014/15 | 2016/17Hibernians
2%
Georgia2018Saburtalo
2%
Kosovo2016/17Trepça'89
2%
Moldova2014/15Milsami Orhei
0%
Georgia2016Samtredia
0%
Albania2017/18Skënderbeu Korçë
0%

Score Distribution

Percentile by Number Answered

Percent of People with Each Score

Your Score History

You have not taken this quiz since the last reset